[Event "ch-EST w"]
[Site "Rakvere EST"]
[Date "2009.02.20"]
[Round "1"]
[White "Narva,T"]
[Black "Piarnpuu,L"]
[Result "1/2-1/2"]
[WhiteElo "1835"]
[BlackElo "2133"]

1.e4 c5 2.Nf3 Nc6 3.Bb5 g6 4.O-O Bg7 5.c3 Nf6 6.Re1 O-O 7.d4 cxd4 8.cxd4 d5
9.e5 Ne4 10.h3 Qb6 11.Ba4 f6 12.Bb3 e6 13.Be3 Na5 14.Nbd2 Nxd2 15.Nxd2 f5
16.g3 Bd7 17.Qf3 Rac8 18.Rac1 Rxc1 19.Rxc1 Rc8 20.Rxc8+ Bxc8 21.g4 Bd7 22.gxf5 gxf5
23.Qg2 Be8 24.Kh2 Bg6 25.Qg5 Kf7 26.h4 h6 27.Qg3 Bh5 28.Ba4 Bf8 29.Bb3 Bg7
30.Ba4 Bf8 31.Bb3 Bg7  1/2-1/2

[Event "Masters"]
[Site "Bunratty IRL"]
[Date "2009.02.21"]
[Round "3"]
[White "Ansell,S"]
[Black "Wells,P"]
[Result "0-1"]
[WhiteElo "2405"]
[BlackElo "2513"]

1.e4 c5 2.Nf3 Nc6 3.Bb5 g6 4.O-O Bg7 5.c3 Nf6 6.Re1 O-O 7.d4 d5 8.e5 Ne4
9.Ng5 Bd7 10.Ba4 Rc8 11.Nxe4 dxe4 12.Bb3 Bf5 13.g4 cxd4 14.gxf5 gxf5 15.cxd4 Nxd4
16.Bf4 Nf3+ 17.Kh1 e6 18.Nc3 Nxe1 19.Qxe1 Kh8 20.Qe3 Qa5 21.f3 exf3 22.Re1 Qc5
23.Qxc5 Rxc5 24.Kg1 Rd8 25.Kf2 b5 26.Kxf3 a5 27.a4 bxa4 28.Bxa4 Rd3+ 29.Kf2 Rdxc3
30.bxc3 Rc4 31.Bb5 Rxf4+ 32.Kg1 Re4 33.Rxe4 fxe4 34.Kf2 Bxe5  0-1

[Event "69th Noteboom Mem GpA"]
[Site "Leiden NED"]
[Date "2009.02.21"]
[Round "2"]
[White "Becic,S"]
[Black "Nijboer,F"]
[Result "0-1"]
[WhiteElo "2131"]
[BlackElo "2560"]

1.e4 c5 2.Nf3 Nc6 3.Bb5 d6 4.d4 cxd4 5.Qxd4 Bd7 6.Bxc6 Bxc6 7.c4 f5 8.exf5 Qa5+
9.Nc3 Qxf5 10.Nd5 e5 11.Qd1 Rc8 12.Be3 Nf6 13.O-O Qe4 14.Rc1 Bxd5 15.cxd5 Rxc1
16.Qxc1 Kd7 17.Rd1 Be7 18.Qd2 Rc8 19.Ne1 Bd8 20.h3 Bb6 21.Bxb6 axb6 22.f3 Qf4
23.Qxf4 exf4 24.Rd4 Rc1 25.Kf2 g5 26.h4 h6 27.hxg5 hxg5 28.b4 b5 29.Ke2 Rc3
30.Kd1 Rc4 31.Nc2 Rxd4+ 32.Nxd4 Nxd5 33.a3 Ne3+ 34.Ke2 Nxg2 35.Nxb5 Kc6 36.Nc3 d5
37.Nd1 Kb5 38.Nb2 Nh4 39.Nd3 Ka4 40.Ne5 Kxa3 41.b5 Kb4 42.b6 Kc3 43.Nf7 d4
44.Nxg5 Kc2  0-1

[Event "TCh-HUN 2008-9"]
[Site "Budapest HUN"]
[Date "2009.02.22"]
[Round "8"]
[White "Palkovi,J"]
[Black "Konnyu,J"]
[Result "1/2-1/2"]
[WhiteElo "2431"]
[BlackElo "2316"]

1.e4 c5 2.Nf3 Nc6 3.Bb5 Nf6 4.e5 Nd5 5.O-O Nc7 6.a4 a6 7.Bc4 e6 8.c3 d5 9.exd6 Bxd6
10.d4 cxd4 11.cxd4 O-O 12.Nc3 Nd5 13.Re1 Ncb4 14.Bg5 Qc7 15.Qb3 Nc2 16.Qxc2 Qxc4
17.Ne5 Qc7 18.Bd2 f6 19.Nf3 Bd7 20.Qb3 Qb6 21.Qa2 Nb4 22.Qb3 Nd5 23.Qa2 Nb4
24.Qb3 a5 25.Ne4 Be7 26.Rac1 Rfc8 27.Nc5 Bxc5 28.dxc5 Qc6 29.Bxb4 axb4 30.Qxb4 Rxa4
31.Qc3 e5 32.Red1 Bg4 33.h3 Bxf3 34.gxf3 Rf4 35.Qb3+ Kh8 36.Rd6 Qxd6 37.cxd6 Rxc1+
38.Kg2 Rd4 39.Qxb7 h6 40.h4 Kh7 41.h5 Rxd6 42.Qe4+ f5 43.Qxf5+ Kg8 44.Qxe5 Rd8
45.Qe6+ Kh8 46.Qe7 Rb8 47.Qe5 Rcc8 48.f4 Rb6 49.f5 Rf8 50.Kg3 Rb3+ 51.Kg4 Rb4+
52.Kg3 Rf6 53.f3 Rfb6 54.Kh3 Kh7 55.Kg3 R4b5 56.Qe4 Rb4 57.Qe5 Rb3 58.Qe4 R3b4  1/2-1/2

[Event "TCh-HUN 2008-9"]
[Site "Szombathely HUN"]
[Date "2009.02.22"]
[Round "8"]
[White "Pergel,L"]
[Black "Flumbort,A"]
[Result "0-1"]
[WhiteElo "2293"]
[BlackElo "2489"]

1.e4 c5 2.Nf3 Nc6 3.Bb5 g6 4.Bxc6 dxc6 5.h3 Bg7 6.O-O Nf6 7.Re1 O-O 8.d3 Nd7
9.c3 e5 10.Be3 Qe7 11.a4 b5 12.Nbd2 a6 13.Nf1 f5 14.axb5 cxb5 15.Qb3+ Kh8
16.Bg5 Qe8 17.Qd5 Rb8 18.Be3 Bb7 19.Qa2 Qe7 20.N3h2 f4 21.Bd2 h5 22.Rad1 g5
23.Bc1 Rg8 24.b4 cxb4 25.cxb4 Nf6 26.g4 Qxb4 27.gxh5 Qe7 28.Ng4 Nxh5 29.Nfh2 Nf6
30.Bb2 Nxg4 31.Nxg4 Bc8 32.Rc1 Rd8 33.Red1 b4 34.Qa1 Bxg4 35.hxg4 f3 36.Kh2 Qf6
37.Rh1 Rxd3 38.Kg1+ Kg8 39.Qa2+ b3 40.Qa4 Qe6  0-1

[Event "Spring"]
[Site "Mukachevo UKR"]
[Date "2009.02.23"]
[Round "1"]
[White "Bernadskiy,V"]
[Black "Molnar,P SVK"]
[Result "1-0"]
[WhiteElo "2276"]
[BlackElo "2285"]

1.e4 c5 2.Nf3 Nc6 3.Bb5 d6 4.O-O Bd7 5.c3 Nf6 6.Re1 a6 7.Bf1 Bg4 8.d3 e6
9.Nbd2 Be7 10.h3 Bh5 11.Qb3 Qc7 12.a3 O-O 13.d4 d5 14.e5 Nd7 15.g4 Bg6 16.Qd1 Qb6
17.Nb3 Rac8 18.dxc5 Nxc5 19.Nbd4 Rfd8 20.Nxc6 bxc6 21.Nd4 Nb7 22.Qb3 Qc7
23.Qa4 c5 24.Nf3 c4 25.Nd4 Nc5 26.Qd1 Rb8 27.Ra2 Rb6 28.f4 Bb1 29.Ra1 Be4
30.g5 Rdb8 31.Ra2 Bb1 32.Ra1 Bd3 33.b4 cxb3 34.Bxd3 Nxd3 35.Qxd3 b2 36.Bxb2 Rxb2
37.Re2 g6 38.a4 Rxe2 39.Nxe2 Qa5 40.Kf1 Rb2 41.h4 Bc5 42.h5 gxh5 43.Qf3 h4
44.f5 exf5 45.Qxf5 Qb6 46.Rd1 Qb3 47.Re1 Qc2 48.Qc8+ Bf8 49.Qg4 Qe4 50.Qxe4 dxe4
51.Nf4 Rc2 52.Rxe4 Rxc3 53.Nd5 Rg3 54.Nf6+ Kh8 55.Rxh4 h6 56.Nd7 Be7 57.Rxh6+ Kg7
58.Rxa6 Bxg5 59.a5 Ra3 60.Ra8 Ra2 61.a6 Be3 62.Nb8 Kg6 63.Nc6 Kf5 64.Nb4 Rb2
65.Rb8 Bc5 66.Nc6 Ra2 67.Rb5 Be3 68.Ra5 Rxa5 69.Nxa5 Ke4 70.Ke2 Bc5 71.Nb7 Bd4
72.Nd8 Bc5 73.Nxf7 Kd5 74.Kd3 Ke6 75.Kc4 Be3 76.Nh6 Bg1 77.Ng4 Ba7 78.Kc3 Kd5
79.Kd3 Bc5 80.Nf6+ Kc6 81.Kc4 Be7 82.Nd5 Bd8 83.e6 Bh4 84.Kd4 Bf2+ 85.Ke5 Bc5
86.Kf6 Kxd5 87.a7 Bxa7 88.e7  1-0

[Event "81st ch-StP"]
[Site "St Petersburg RUS"]
[Date "2009.02.26"]
[Round "10"]
[White "Mikkelsen,N"]
[Black "Matlakov,M"]
[Result "0-1"]
[WhiteElo "2426"]
[BlackElo "2487"]

1.e4 c5 2.Nf3 Nc6 3.Bb5 d6 4.O-O Bd7 5.Re1 a6 6.Bxc6 Bxc6 7.d4 cxd4 8.Nxd4 Bd7
9.c4 e6 10.Qd3 Ne7 11.b3 Ng6 12.Nf3 Be7 13.Nc3 O-O 14.Bb2 Qc7 15.Rad1 Rfd8
16.Qd4 Bf8 17.h4 Qa5 18.g3 h6 19.Re2 Qh5 20.Qe3 b5 21.c5 b4 22.Nb1 d5 23.exd5 exd5
24.Kg2 Re8 25.Qd2 Bg4 26.Qd3 Bf5 27.Qd2 Be4 28.Re3 Bxc5 29.Bd4 Ne5  0-1

[Event "TCh Paulista Interclub"]
[Site "Sao Paolo BRA"]
[Date "2009.02.28"]
[Round "2"]
[White "Vivaldo,L"]
[Black "Coelho,L"]
[Result "1/2-1/2"]
[WhiteElo "2006"]
[BlackElo "2398"]

1.e4 c5 2.Nf3 Nc6 3.Bb5 d6 4.O-O Bd7 5.Re1 Nf6 6.c3 a6 7.Bf1 Bg4 8.h3 Bh5
9.d3 e6 10.Bg5 Be7 11.Nbd2 O-O 12.a3 d5 13.g4 Bg6 14.Nh4 dxe4 15.dxe4 Nd7
16.Nxg6 hxg6 17.Be3 Nde5 18.Nc4 g5 19.Nxe5 Nxe5 20.Qxd8 Rfxd8 21.Red1 f6
22.Be2 Kf7 23.Rxd8 Rxd8 24.Rd1 Rxd1+ 25.Bxd1 Nc4 26.Bc1 Bd6 27.b3 Ne5 28.Be2 a5
29.Kf1 Ng6 30.Ke1 Bf4 31.Bb2 Ke7 32.Kd1 Kd6 33.Kc2 Bh2 34.Bc1 Bf4 35.Bb2 Bh2
36.Bc1 Nh4 37.a4 Ng6  1/2-1/2

[Event "TCh Paulista Interclub"]
[Site "Sao Paolo BRA"]
[Date "2009.03.01"]
[Round "3"]
[White "Del Bosco,R"]
[Black "Tsuboi,E"]
[Result "1/2-1/2"]
[WhiteElo "2113"]
[BlackElo "2384"]

1.e4 c5 2.Nf3 Nc6 3.Bb5 g6 4.d4 cxd4 5.Nxd4 Bg7 6.Nxc6 bxc6 7.Bd3 Nf6 8.O-O d6
9.Qe2 O-O 10.Nd2 Nd7 11.Ba6 Qb6 12.Bxc8 Rfxc8 13.a4 a5 14.Kh1 Qa6 15.Qe1 e6
16.Rb1 d5 17.b3 c5 18.Bb2 Bxb2 19.Rxb2 c4 20.Rb1 cxb3 21.cxb3 Nf6 22.e5 Nd7
23.f4 Qd3 24.Nf3 Rc3 25.Rd1 Qe3 26.Qh4 Rxb3 27.Qe7 Qa7 28.Nd4 Rb7 29.Nb5 Nf8
30.Qa3 Qb8 31.Rc1 Qd8 32.Rc3 h5 33.Rfc1 Rab8 34.h3 Kg7 35.Kh2 h4 36.Nd6 Rb1
37.Rc7 Rxc1 38.Qxc1 Rb4  1/2-1/2

[Event "10th EICC w"]
[Site "St Petersburg RUS"]
[Date "2009.03.08"]
[Round "1"]
[White "Ambartsumova,K"]
[Black "Romanko,M"]
[Result "0-1"]
[WhiteElo "2227"]
[BlackElo "2451"]

1.e4 c5 2.Nf3 Nc6 3.Bb5 d6 4.O-O Bd7 5.Re1 Nf6 6.c3 a6 7.Bf1 Bg4 8.d4 Bxf3
9.gxf3 e5 10.d5 Nb8 11.a4 b6 12.Na3 Be7 13.Nc4 Nh5 14.Be3 O-O 15.b4 Nd7 16.Bh3 Rb8
17.Qd3 Qc7 18.Rab1 h6 19.Rb2 Bg5 20.Reb1 b5 21.Na5 c4 22.Qf1 Rbe8 23.Nc6 Nb6
24.axb5 axb5 25.Ra2 Na4 26.Rxa4 bxa4 27.Qxc4 Bxe3 28.fxe3 Qb6 29.Kf2 Nf4
30.Bd7 Ra8 31.Ne7+ Kh8 32.Nc8 Qd8 33.exf4 Qxd7  0-1

[Event "10th EICC w"]
[Site "St Petersburg RUS"]
[Date "2009.03.08"]
[Round "1"]
[White "Dworakowska,J"]
[Black "Kushka,A"]
[Result "0-1"]
[WhiteElo "2352"]
[BlackElo "2124"]

1.e4 c5 2.Nf3 Nc6 3.Bb5 g6 4.Bxc6 dxc6 5.d3 Bg7 6.h3 Nf6 7.Nc3 O-O 8.Be3 b6
9.Qd2 Re8 10.Bh6 Bh8 11.Nh2 b5 12.f4 b4 13.Nd1 e5 14.f5 c4 15.O-O Qd6 16.Rf3 Ba6
17.Nf2 cxd3 18.cxd3 Rad8 19.Bg5 Rd7 20.Rf1 Nh5 21.Nfg4 Bg7 22.f6 Bf8 23.Rd1 Red8
24.Nf2 Nf4 25.Nfg4 Nxd3 26.Ne3 Qc5 27.Ng4 Rd4 28.Kh2 Nf4 29.Qe1 Rxd1 30.Nxd1 Be2
31.Rxf4 Rxd1 32.Qxe2 Qg1+ 33.Kg3 exf4+ 34.Bxf4 Qe1+ 35.Kf3 Qxe2+ 36.Kxe2 Rb1
37.Be5 Ra1 38.Kd3 Rxa2 39.Kc4 Ra1 40.Ne3 a5 41.b3 Ra2 42.Kd3 a4 43.bxa4 Rxa4
44.Nc4 Ra2 45.Bb2 Bc5 46.g3 Bf2 47.g4 c5 48.Bc1 Bd4 49.e5 Rh2 50.Na5 Rxh3+
51.Ke4 b3 52.Nc6 b2  0-1

[Event "10th EICC w"]
[Site "St Petersburg RUS"]
[Date "2009.03.09"]
[Round "2"]
[White "Makka,E"]
[Black "Calzetta,M"]
[Result "0-1"]
[WhiteElo "2110"]
[BlackElo "2371"]

1.e4 c5 2.Nf3 Nc6 3.Bb5 e5 4.c3 Nge7 5.O-O a6 6.Bc4 Ng6 7.d4 h6 8.dxc5 Bxc5
9.Bxf7+ Kxf7 10.Qd5+ Ke7 11.Qxc5+ d6 12.Qd5 Rf8 13.Ne1 Bg4 14.f3 Qb6+ 15.Rf2 Rac8
16.Qd2 Be6 17.Qe3 Qc7 18.Na3 Rf6 19.Nd3 Nf4 20.Bd2 g5 21.Be1 Rg8 22.Rd2 Ng6
23.Nc2 Ke8 24.Ncb4 Nce7 25.Nf2 a5 26.Nd5 Bxd5 27.exd5 Nf4 28.Rad1 Nf5 29.Qe4 Qb6
30.Rc1 Nxg2 31.Kxg2 Nh4+ 32.Kh1 Nxf3 33.Rd4 Nxe1 34.Rxe1 Rxf2 35.Rc4 Rgf8
36.Rc8+ Ke7 37.Rxf8 Kxf8 38.Qg6 Qc5 39.Qxh6+ Ke8 40.Qg6+ Kd7 41.Qe6+ Kc7
42.b4 axb4 43.Rb1 Qxc3 44.Qe7+ Kb6 45.Qd8+ Kb5 46.Qd7+ Kc5 47.Qc7+ Kxd5 48.Rd1+ Rd2
49.Qxb7+ Kd4 50.Qb6+ Ke4 51.Qb7+ Ke3 52.Rg1 Qc5 53.Rg3+ Kd4 54.Rg4+ Kc3 55.Rg3+ Kb2
56.Rg2 Qc1+ 57.Rg1 Qc4 58.Qf3 Qd5 59.Qxd5 Rxd5 60.Rg2+ Ka3 61.h3 e4 62.Kh2 e3  0-1

[Event "10th EICC"]
[Site "Budva MNE"]
[Date "2009.03.10"]
[Round "5"]
[White "Meier,Geo"]
[Black "Inarkiev,E"]
[Result "1/2-1/2"]
[WhiteElo "2608"]
[BlackElo "2656"]

1.e4 c5 2.Nf3 Nc6 3.Bb5 d6 4.O-O Bd7 5.Re1 Nf6 6.c3 a6 7.Ba4 b5 8.Bc2 e5
9.h3 Be7 10.d4 O-O 11.d5 Na5 12.b3 Qc7 13.Be3 g6 14.Nbd2 Nh5 15.Nf1 Kh8 16.Bh6 Ng7
17.g4 Nb7 18.Ng3 Nd8 19.a4  1/2-1/2

[Event "10th EICC"]
[Site "Budva MNE"]
[Date "2009.03.10"]
[Round "5"]
[White "Berend,F"]
[Black "Pantic,I"]
[Result "1-0"]
[WhiteElo "2351"]
[BlackElo "2193"]

1.e4 c5 2.Nf3 Nc6 3.Bb5 e6 4.b3 Nge7 5.Bb2 a6 6.Bxc6 Nxc6 7.O-O f6 8.d4 cxd4
9.Nxd4 g6 10.a4 Bg7 11.Na3 O-O 12.Re1 Ne7 13.Nf3 d5 14.exd5 Qxd5 15.Nc4 Qxd1
16.Raxd1 Nd5 17.Ba3 Rf7 18.Rxd5 exd5 19.Nb6 Bf5 20.Nxa8 Bxc2 21.Re8+ Bf8
22.Nd4 Bd1 23.f3 Kg7 24.Ne6+ Kh6 25.Bxf8+ Kh5 26.Nd4 g5 27.Bb4 b5 28.a5 Ra7
29.Kf2 g4 30.Bc5 Rg7 31.Nf5 Rg5 32.Ng3+ Kh4 33.f4 Rg6 34.Nc7 Bxb3 35.Nxa6 f5
36.Be7+  1-0

[Event "10th EICC"]
[Site "Budva MNE"]
[Date "2009.03.11"]
[Round "6"]
[White "Mamedov,Rau"]
[Black "Perunovic,Mil"]
[Result "1-0"]
[WhiteElo "2638"]
[BlackElo "2568"]

1.e4 c5 2.Nf3 Nc6 3.Bb5 d6 4.d4 cxd4 5.Qxd4 Bd7 6.Bxc6 Bxc6 7.Nc3 Nf6 8.Bg5 e6
9.O-O-O Be7 10.Qd3 O-O 11.Nd4 Qa5 12.f4 Rfd8 13.Kb1 h6 14.h4 Kf8 15.f5 e5
16.Nb3 Qc7 17.Bxf6 Bxf6 18.g4 b5 19.Nxb5 Bxb5 20.Qxb5 a5 21.a4 Rdc8 22.Qd3 Rab8
23.Qd2 Ke8 24.Qg2 Qc6 25.Rd5 Bd8 26.g5 h5 27.Rhd1 Rb4 28.f6 g6 29.Rxd6 Qxe4
30.Qd2 Bc7 31.Rd7 Qc6 32.Rd5 Qxa4 33.Rc5 Rbb8 34.Qc3 Qg4 35.Rdd5 Bb6 36.Rxc8+ Qxc8
37.Nc5 Bxc5 38.Rxe5+ Kf8 39.Qxc5+ Qxc5 40.Rxc5  1-0

[Event "10th EICC w"]
[Site "St Petersburg RUS"]
[Date "2009.03.11"]
[Round "4"]
[White "Melia,S"]
[Black "Girya,O"]
[Result "1-0"]
[WhiteElo "2422"]
[BlackElo "2315"]

1.e4 c5 2.Nf3 Nc6 3.Bb5 g6 4.Bxc6 dxc6 5.d3 b6 6.O-O Nh6 7.a4 a5 8.Na3 Bg7
9.Nc4 O-O 10.h3 f6 11.c3 Nf7 12.Be3 e5 13.b4 axb4 14.a5 bxa5 15.Bxc5 Re8
16.cxb4 Ba6 17.bxa5 f5 18.Qb3 Rb8 19.Bb6 Qf6 20.Qc3 g5 21.Nh2 h5 22.exf5 Qxf5
23.Rfe1 e4 24.d4 Qe6 25.Ne3 Re7 26.Rac1 Rc8 27.Qc5 Rd7 28.Qf5 Qe7 29.Qg6 Rd6
30.Nf5 Qf6 31.Qxf6 Bxf6 32.Nxd6 Nxd6 33.Nf1 Bd3 34.Nd2 g4 35.Rc5 gxh3 36.Rxh5 hxg2
37.Bc5 Nb5 38.Nxe4 Bg7 39.Nd6 Nxd6 40.Bxd6 Bxd4 41.Rd1 Be2 42.Rg5+ Bg7 43.Re1 Re8
44.f4 Kf7 45.Rxg7+ Kxg7 46.Be5+ Rxe5 47.fxe5 Bf3 48.a6 Kf7 49.Re3 Bd5 50.Rd3  1-0

[Event "10th EICC w"]
[Site "St Petersburg RUS"]
[Date "2009.03.11"]
[Round "4"]
[White "Makka,I"]
[Black "Khropova,L"]
[Result "1-0"]
[WhiteElo "2203"]
[BlackElo "2060"]

1.e4 c5 2.Nf3 Nc6 3.Bb5 g6 4.Bxc6 dxc6 5.d3 Bg7 6.h3 h6 7.Nc3 e5 8.Be3 b6
9.Qd2 Qd6 10.a3 Nf6 11.Na4 Nd7 12.b4 cxb4 13.axb4 Bb7 14.O-O Nf8 15.Ra2 Ne6
16.Rfa1 O-O 17.Bxh6 Nd4 18.Nxd4 exd4 19.Bxg7 Kxg7 20.Nb2 a6 21.Nc4 Qc7 22.c3 dxc3
23.Qxc3+ Kg8 24.Ne5 Qd6 25.Ng4 f6 26.Qd2 Kf7 27.Re1 Rad8 28.e5 fxe5 29.Rxe5 Bc8
30.Qf4+ Kg8 31.Qc4+ Kh7 32.Rae2 Bxg4 33.Re7+ Kh6 34.hxg4 Qf6 35.g3 Rd6 36.f4 Qa1+
37.Re1 Qd4+ 38.Qxd4 Rxd4 39.Kg2  1-0

[Event "10th EICC"]
[Site "Budva MNE"]
[Date "2009.03.12"]
[Round "7"]
[White "Dembo,Y"]
[Black "Veleski,R"]
[Result "1-0"]
[WhiteElo "2456"]
[BlackElo "2269"]

1.e4 c5 2.Nf3 Nc6 3.Bb5 g6 4.O-O Bg7 5.Re1 Nf6 6.e5 Ng4 7.Bxc6 dxc6 8.h3 Nh6
9.d3 Nf5 10.Nc3 b6 11.Bf4 h5 12.Ne4 Nd4 13.a4 Ne6 14.Bd2 a5 15.Neg5 Nc7 16.Qe2 Qd5
17.c4 Qd7 18.Bc3 Qf5 19.Ne4 O-O 20.d4 cxd4 21.Nxd4 Qd7 22.Ng5 Qf5 23.Nxf5 Bxf5
24.Qf3 Rac8 25.Rad1 Bh6 26.Qg3 Na6 27.e6 f6 28.Nf7 Bg7 29.Qe3 Kh7 30.Qxb6 Nc7
31.Rd7 Na8 32.Qa7  1-0

[Event "10th EICC"]
[Site "Budva MNE"]
[Date "2009.03.12"]
[Round "7"]
[White "Safarli,E"]
[Black "Bykhovsky,An ISR"]
[Result "1-0"]
[WhiteElo "2564"]
[BlackElo "2459"]

1.e4 c5 2.Nf3 Nc6 3.Bb5 g6 4.c3 Nf6 5.Qe2 Bg7 6.O-O O-O 7.Rd1 d5 8.e5 Ne8
9.h3 Qb6 10.d4 Nc7 11.Ba4 Bf5 12.Bg5 cxd4 13.cxd4 f6 14.exf6 exf6 15.Be3 Rad8
16.Nc3 Na5 17.Bf4 Rf7 18.Rac1 Bf8 19.Nh4 Bc8 20.Qf3 Bd6 21.Bh6 Nc6 22.Qd3 Ne7
23.Be3 g5 24.Nf3 Bf5 25.Qd2 Ne6 26.Bb3 Bb8 27.Re1 h6 28.Na4 Qd6 29.Nc5 Ng6
30.Bc2 Kg7 31.g3 Bxh3  1-0

[Event "10th EICC w"]
[Site "St Petersburg RUS"]
[Date "2009.03.12"]
[Round "5"]
[White "Ambartsumova,K"]
[Black "Sokolova,V"]
[Result "1-0"]
[WhiteElo "2227"]
[BlackElo "2084"]

1.e4 c5 2.Nf3 Nc6 3.Bb5 g6 4.O-O Bg7 5.Re1 Nf6 6.e5 Nd5 7.Nc3 Nc7 8.Bxc6 dxc6
9.Ne4 b6 10.Nf6+ Kf8 11.Ne4 h6 12.d3 Kg8 13.b3 Kh7 14.Bb2 f5 15.exf6 exf6
16.Qd2 Ne6 17.Re2 Nd4 18.Nxd4 cxd4 19.Qf4 f5 20.Nd2 Bf6 21.Rae1 c5 22.Nc4 Rf8
23.Bc1 g5 24.Qf3 Rb8 25.h4 Rb7 26.Qh5 Rbf7 27.Re8 Qd7 28.hxg5 Rxe8 29.g6+ Kh8
30.Rxe8+ Qxe8 31.gxf7  1-0

[Event "10th EICC w"]
[Site "St Petersburg RUS"]
[Date "2009.03.13"]
[Round "6"]
[White "Kouvatsou,M"]
[Black "Samigullina,D"]
[Result "0-1"]
[WhiteElo "2208"]
[BlackElo "2084"]

1.e4 c5 2.Nf3 Nc6 3.Bb5 g6 4.O-O Bg7 5.c3 Qb6 6.Na3 a6 7.Bxc6 dxc6 8.Re1 Nf6
9.Nc4 Qd8 10.d3 O-O 11.Be3 Nd7 12.d4 b5 13.Nce5 Nxe5 14.Nxe5 Qd6 15.f4 c4
16.Qf3 f6 17.Ng4 Bxg4 18.Qxg4 f5 19.Qf3 fxe4 20.Qxe4 Bf6 21.Bf2 Qd5 22.Bg3 Kg7
23.Re2 Rad8 24.Rae1 b4 25.Qc2 bxc3 26.bxc3 c5 27.dxc5 Qxc5+ 28.Bf2 Qd5 29.Re4 Rf7
30.Bd4 Bxd4+ 31.Rxd4 Qc5 32.Re4 Rxd4 33.cxd4 Qd5 34.g3 Rf8 35.Qb1 Rf6 36.Qb8 Kf7
37.Qe5 Qxe5 38.dxe5 Rc6 39.Re2 c3 40.Rc2 Ke6 41.Kf2 Kd5 42.Ke3 Kc4 43.g4 e6
44.Rf2 Rc5 45.Ke4 Rd5 46.f5 exf5+ 47.gxf5 Rd2 48.Rf1 gxf5+ 49.Ke3 Rd5 50.Rf4+ Kc5
51.Rf2 Kb4 52.e6 Re5+ 53.Kd3 Rxe6 54.Rf4+ Re4 55.Rxf5 Rc4 56.Kc2 Rh4 57.Rf2 h5
58.Kd3 Rc4 59.Kc2 Rd4 60.Kc1 h4 61.Kc2 Rd2+ 62.Rxd2 cxd2 63.Kxd2 Ka3 64.Ke3 Kxa2
65.Kf4 a5 66.Kg4 a4 67.Kxh4 a3 68.Kg5 Kb3  0-1

[Event "10th EICC"]
[Site "Budva MNE"]
[Date "2009.03.14"]
[Round "8"]
[White "Sorgic,D"]
[Black "Nikac,P"]
[Result "1-0"]
[WhiteElo "2278"]
[BlackElo "2395"]

1.e4 c5 2.Nf3 Nc6 3.Bb5 g6 4.Bxc6 bxc6 5.O-O Bg7 6.Re1 d5 7.d3 Rb8 8.Nc3 Bg4
9.h3 Bxf3 10.Qxf3 d4 11.Ne2 e6 12.Ng3 Ne7 13.b3 O-O 14.Qe2 e5 15.f4 Qd7 16.f5 Kh8
17.Rf1 f6 18.a4 Rg8 19.Kh2 Rb7 20.Bd2 Qe8 21.Rf2 Nc8 22.Raf1 Nd6 23.fxg6 Qxg6
24.Nf5 Ne8 25.Rf3 Bf8 26.Rg3 Qf7 27.Rff3 Rg6 28.Nh4 Rxg3 29.Rxg3 Nd6 30.Qg4 Bg7
31.Nf5 Nxf5 32.Qxf5 Qd7 33.Qf1 Qe6 34.Rf3 Rf7 35.Bc1 Bf8 36.Rf5 Be7 37.Bh6 Bf8
38.Bg5 Bg7 39.Qf3 Kg8 40.Bc1 Bf8 41.h4 Be7 42.h5 Kf8 43.Qg3 Ke8 44.Qg8+ Bf8
45.h6 Re7 46.Qg3 Qf7 47.Qh3 Re6 48.Rf3 Ke7 49.Qf5 Kd6 50.Rg3 Re7 51.Kh3 Qe6
52.Rf3 Qxf5+ 53.Rxf5 Ke6 54.g4 Rf7 55.Kh4 Be7 56.Kh5 Rf8 57.Bd2 Rg8 58.a5 a6
59.g5 Rg6 60.gxf6 Bxf6 61.Bg5 Bh8 62.Rf8 Bf6 63.Bxf6 Rxf6 64.Re8+ Kd6 65.Rh8 Rf7
66.Kg5 Ke6 67.Rc8 Kd6 68.Rg8 Rf2 69.Rg7 Rg2+ 70.Kf5 Rf2+ 71.Kg4 Rg2+ 72.Kf3 Rxc2
73.Rxh7 Rh2 74.Kg3 Rh1 75.Kg2 Rh5 76.Rh8 Ke6 77.h7 Kf7 78.Rc8 Rxh7 79.Rxc6 Rh8
80.Rxa6 Rc8 81.Kf3 Ke7 82.Rb6 Ra8 83.a6 Kd7 84.Kg4 Kc7 85.Rg6 Rb8 86.a7 Rf8
87.Ra6 Ra8 88.Kf5 Kb7 89.Ra2 Rf8+ 90.Kxe5 Ka8 91.Kd5 Rf3 92.Rd2  1-0

[Event "10th EICC"]
[Site "Budva MNE"]
[Date "2009.03.14"]
[Round "8"]
[White "Can,E"]
[Black "Maletin,P"]
[Result "0-1"]
[WhiteElo "2471"]
[BlackElo "2557"]

1.e4 c5 2.Nf3 Nc6 3.Bb5 g6 4.O-O Bg7 5.Re1 e5 6.Bxc6 dxc6 7.d3 Qe7 8.a3 a5
9.Nbd2 Nf6 10.Nc4 Nd7 11.a4 b6 12.Be3 O-O 13.Qd2 Ba6 14.Qc3 Rfd8 15.Rad1 h6
16.h3 Bxc4 17.Qxc4 Nf8 18.Qb3 Rab8 19.c3 Ne6 20.Qc2 Rd6 21.Nd2 Qd8 22.Nc4 Rd7
23.g3 b5 24.Na3 Bf8 25.Qe2 c4 26.dxc4  0-1

[Event "10th EICC"]
[Site "Budva MNE"]
[Date "2009.03.14"]
[Round "8"]
[White "Sidorenko,I"]
[Black "Haznedaroglu,K"]
[Result "1/2-1/2"]
[WhiteElo "2370"]
[BlackElo "2451"]

1.e4 c5 2.Nf3 Nc6 3.Bb5 g6 4.Bxc6 dxc6 5.d3 Bg7 6.h3 Nf6 7.Nc3 Nd7 8.O-O e5
9.Bg5 f6 10.Be3 Qe7 11.a3 O-O 12.Qd2 b6 13.Nh2 Ba6 14.b3 Rad8 15.a4 Rf7 16.Rae1 Nf8
17.f4 exf4 18.Bxf4 Ne6 19.Bh6 Bxh6 20.Qxh6 Nd4 21.Rf2 Bc8 22.Ref1 Rdf8 23.Nf3 Nxf3+
24.Rxf3 Qe5 25.Qd2 f5 26.exf5 Rxf5 27.Rxf5 Rxf5 28.Re1 Qd4+ 29.Kh1 Rf2 30.Qh6 Qg7
31.Qh4 Qf8 32.Re7 Rf7 33.Rxf7 Qxf7 34.Ne4 Bf5 35.Qd8+ Kg7 36.Ng3 Bxh3 37.Qd6 Be6
38.Qxc6 Bd5 39.Qd6 h5 40.Qe5+ Kh7 41.Ne4 Bxe4 42.dxe4 Kh6 43.Kh2 Qf2 44.c3 Qh4+
45.Kg1 Qe1+ 46.Kh2 Qf2 47.Kh3 Qf8 48.g3 Qg8 49.Qf6 Qa8  1/2-1/2

[Event "TCh-FIN"]
[Site "Finland FIN"]
[Date "2009.03.14"]
[Round "8"]
[White "Pulkkinen,K"]
[Black "Herranen,M"]
[Result "1-0"]
[WhiteElo "2308"]
[BlackElo "2108"]

1.e4 c5 2.Nf3 Nc6 3.Bb5 g6 4.O-O Bg7 5.Re1 e5 6.b4 cxb4 7.a3 Nge7 8.axb4 O-O
9.Bb2 d6 10.d4 Qb6 11.Bxc6 Nxc6 12.Nc3 Bg4 13.Nd5 Qd8 14.dxe5 Nxe5 15.Bxe5 Bxe5
16.Ra3 f5 17.Qd2 Bb2 18.exf5 Bxa3 19.Ne7+ Kg7 20.Qd4+ Kh6 21.Qxg4 Qd7 22.Qh3+  1-0

[Event "TCh-FIN"]
[Site "Finland FIN"]
[Date "2009.03.14"]
[Round "8"]
[White "Binham,T"]
[Black "Paakkonen,T"]
[Result "1-0"]
[WhiteElo "2318"]
[BlackElo "2275"]

1.e4 c5 2.Nf3 Nc6 3.Bb5 Na5 4.c3 a6 5.Ba4 b5 6.Bc2 Bb7 7.O-O e6 8.Qe2 Nf6
9.a4 b4 10.d4 d5 11.e5 Ne4 12.cxb4 cxb4 13.Be3 Be7 14.Ne1 h6 15.f3 Ng5 16.Nd2 Rc8
17.Bd3 Qb6 18.h4 Nh7 19.g3 g6 20.Ng2 h5 21.Nf4 g5 22.Nxh5 gxh4 23.g4 Kd8
24.Kh2 Ng5 25.f4 Ne4 26.Bxe4 dxe4 27.d5 Bc5 28.Bxc5 Rxc5 29.Nxe4 Rxd5 30.Nhf6 Nb3
31.Rad1 Ke7 32.Nxd5+ Bxd5 33.Nf6 Rd8 34.Qf2 Qxf2+ 35.Rxf2 Nc5 36.a5 Nb3 37.Rc2 Kf8
38.Rc7 Kg7 39.f5 Kh6 40.Rxf7 Rc8 41.Nxd5 exd5 42.e6 Rc2+ 43.Kh3 Nd2 44.Rxd2 Rxd2
45.e7 Re2 46.Kxh4  1-0

[Event "Copa Ajedrez Plus"]
[Site "Ramos Mejia ARG"]
[Date "2009.03.14"]
[Round "1"]
[White "Valiente,C"]
[Black "Guerrero,Alv"]
[Result "1-0"]
[WhiteElo "2254"]
[BlackElo "2178"]

1.e4 c5 2.Nf3 Nc6 3.Bb5 Qc7 4.O-O e6 5.c3 a6 6.Bxc6 Qxc6 7.Re1 Nf6 8.d4 d5
9.Ne5 Qc7 10.exd5 Nxd5 11.c4 Nf6 12.Bf4 Bd6 13.dxc5 Qxc5 14.Nc3 Be7 15.Qa4+ b5
16.cxb5 O-O 17.Nc6 Bb7 18.Re5 Qd6 19.Rd1 axb5 20.Rxd6 Bxc6 21.Qd4 b4 22.Nb5 Bxd6
23.Nxd6 Nd5 24.Bg3 Rad8  1-0

[Event "10th EICC w"]
[Site "St Petersburg RUS"]
[Date "2009.03.14"]
[Round "7"]
[White "Kouvatsou,M"]
[Black "Gorbatenko,K"]
[Result "1/2-1/2"]
[WhiteElo "2208"]
[BlackElo "2071"]

1.e4 c5 2.Nf3 Nc6 3.Bb5 d6 4.O-O Bd7 5.c3 Nf6 6.Re1 a6 7.Bxc6 Bxc6 8.e5 dxe5
9.Nxe5 Qd5 10.Nxc6 Qxc6 11.d4 e6 12.Bg5 Rd8 13.Nd2 Be7 14.dxc5 Qxc5 15.Be3 Qc6
16.Bd4 O-O 17.Qf3 Nd5 18.Ne4 f5 19.Qg3 Nf6 20.Ng5 Nh5 21.Qe3 Bxg5 22.Qxg5 Nf6
23.Re2 Rd7 24.f3 Qc4 25.Qe3 e5 26.Bxe5 Re7 27.Rae1 Qxa2 28.Qg5 Re6 29.Qxf5 Nd7
30.Qc2 Nxe5 31.Rxe5 Rb6 32.R5e2 a5 33.b4 Qxc2 34.Rxc2 axb4 35.Rb2 Rg6 36.Rxb4 Rxf3
37.Rxb7 h6 38.Re8+ Rf8 39.Ree7 Ra8 40.Ra7 Rb8 41.Re2 Rc6 42.Ra3 Rb1+ 43.Kf2 Rc1  1/2-1/2

[Event "10th EICC"]
[Site "Budva MNE"]
[Date "2009.03.15"]
[Round "9"]
[White "Sofronie,I"]
[Black "Jankovic,A"]
[Result "1-0"]
[WhiteElo "2471"]
[BlackElo "2571"]

1.e4 c5 2.Nf3 Nc6 3.Bb5 e6 4.Bxc6 bxc6 5.O-O Ne7 6.d3 Ng6 7.Ng5 e5 8.Qh5 Qe7
9.Nc3 d6 10.Ne2 h6 11.Nh3 Nh4 12.Ng5 Ng6 13.Nh3 Qh4 14.Qxh4 Nxh4 15.f4 Bg4
16.Nc3 Bxh3 17.gxh3 exf4 18.Bxf4 Ng6 19.Bg3 Ne5 20.Nd1 g6 21.Bxe5 dxe5 22.Ne3 Ke7
23.Rf3 Bg7 24.Raf1 Rhf8 25.Nc4 Rab8 26.R1f2 Ke6 27.b3 Rb7 28.Kf1 h5 29.Ke2 Re7
30.Nb2 Kd6 31.Rf1 Bh6 32.Rf6+ Kc7 33.Nc4 Bg7 34.R6f3 Bh6 35.Ne3 Kd7 36.h4 Bg7
37.Nd1 Ke6 38.Nb2 Kd6 39.R3f2 Rb7 40.Nc4+ Ke6 41.Nd2 Re7 42.Nf3 Bh6 43.Ng5+ Bxg5
44.hxg5 f5 45.gxf6 Ref7 46.Rg1 Rg8 47.Rf5 gxf5 48.exf5+ Kxf5 49.Rxg8 Rxf6
50.Ke3 Ke6 51.Rh8 Rf5 52.Rh6+ Kd7 53.Rh7+ Kd6 54.Rxa7 Rg5 55.Rf7 Rg2 56.Rf2 Rg1
57.Rf6+ Kd7 58.a4 h4 59.Rf2 h3 60.Kf3 Rg8 61.Re2 Kd6 62.a5 Ra8 63.Kg3 Rxa5
64.Kxh3 Ra8 65.Re4 Rh8+ 66.Kg3 Rf8 67.h4 Rf5 68.Re2 Ke6 69.Rh2 Rf1 70.h5 Rg1+
71.Kf3 Rf1+ 72.Ke3 Rf7 73.h6 Rh7 74.Ke4 Kf6 75.Rh5  1-0

[Event "10th EICC"]
[Site "Budva MNE"]
[Date "2009.03.15"]
[Round "9"]
[White "Pikula,D"]
[Black "Smirnov,Arte"]
[Result "1-0"]
[WhiteElo "2570"]
[BlackElo "2449"]

1.e4 c5 2.Nf3 Nc6 3.Bb5 Qc7 4.O-O a6 5.Bxc6 dxc6 6.h3 e5 7.d3 Nf6 8.Nh4 Bd6
9.Qf3 O-O 10.Nd2 b5 11.b3 Re8 12.Re1 Be6 13.Nf1 Bf8 14.Ne3 Nd7 15.Bb2 g6
16.g4 Rab8 17.Qg3 f6 18.Kh1 Bh6 19.Neg2 Bf7 20.Nf3 Bg7 21.h4 Re7 22.Ne3 Be6
23.Rg1 Nf8 24.h5 Bd7 25.a4 Rbe8 26.axb5 axb5 27.hxg6 hxg6  1-0